Clique rápido - Statistics

Estatísticas Gerais
  • Esse quiz foi jogado 295 vezes
  • A pontuação média é 18 de 35
Estatísticas das Respostas
Hint Resposta % Correto
F F
94%
B B
91%
3 3
89%
I I
88%
A A
86%
Q Q
86%
N N
85%
4 4
84%
U U
84%
D D
83%
P P
83%
O O
82%
J J
81%
6 6
80%
X X
77%
8 8
76%
Y Y
70%
7 7
65%
Z Z
56%
S S
50%
K K
41%
T T
33%
1 1
26%
E E
22%
W W
17%
M M
10%
G G
9%
5 5
8%
V V
5%
9 9
4%
C C
3%
H H
3%
R R
3%
2 2
2%
L L
2%
Nenhum quiz correspondente encontrado
Distribuição das Pontuações
Porcentagem de Pessoas com Cada Pontuação
Percentil de Números Respondidos
Sua Pontuação Histórica
Você não jogou esse quiz